| 000 | 00713nam a2200181 4500 | ||
|---|---|---|---|
| 999 |
_c7478 _d7478 |
||
| 020 | _a0070517584 | ||
| 020 | _a9780070517585 | ||
| 050 |
_aHF1131 _b.D54 |
||
| 100 | _aDlabay, Les R. | ||
| 245 |
_aCareer, communication, and critical thinking / _ba student guide. _cLes R. Dlabay, |
||
| 260 |
_aNew York : _bMcGraw-Hill, _c©1996. |
||
| 300 |
_avii, 124 pages : _billustrations ; _c26 cm |
||
| 505 | _aPlanning your career in business today / Critical thinking guide / Guide to communication skills / | ||
| 650 |
_aBusiness -- Vocational guidance -- _xUnited States -- Handbooks, manuals, etc. |
||
| 650 | _aCritical thinking -- Study and teaching. | ||
| 650 | _aBusiness communication. | ||
| 942 | _cBK | ||